000 01097pam a2200277 a 4500
001 1860939
003 OSt
005 20180116192414.0
008 820915r19831910nyua 000 0 eng
010 _a 82018229
020 _a0486244571 (pbk.)
040 _aDLC
_cDLC
_dDLC
050 0 0 _aNA737.W7
_bA4 1983
082 0 0 _a720/.22/2
_219
100 1 _aWright, Frank Lloyd,
_d1867-1959.
_96378
240 1 0 _aAusgeführte Bauten und Entwürfe.
_lEnglish
245 1 0 _aDrawings and plans of Frank Lloyd Wright :
_bthe early period (1893-1909) /
_cby Frank Lloyd Wright.
260 _aNew York :
_bDover Publications,
_cc1983.
300 _aca. 100 p. :
_bchiefly ill. ;
_c35 cm.
500 _aOriginally published as: Ausgeführte Bauten und Entwürfe. Berlin : E. Wasmuth, 1910. German text omitted.
600 1 0 _aWright, Frank Lloyd,
_d1867-1959.
_96379
856 4 2 _3Publisher description
_uhttp://www.loc.gov/catdir/enhancements/fy0709/82018229-d.html
906 _a7
_bcbc
_corignew
_d1
_eocip
_f19
_gy-gencatlg
942 _2ddc
_cBK
999 _c353659
_d353659